[Event "Prague International Open"]
[Site "Prague CZE"]
[Date "2021.06.17"]
[Round "5.8"]
[White "Wachinger, Nikolas"]
[Black "Simek, Petr2"]
[Result "1/2-1/2"]
[BlackTitle "FM"]
[WhiteElo "2369"]
[BlackElo "2251"]
[WhiteFideId "12962791"]
[BlackFideId "319260"]
[EventDate "2021.06.14"]

1. c4 Nf6 2. Nc3 e5 3. Nf3 Nc6 4. e4 Bb4 5. d3 d6 6. a3 Bxc3+ 7. bxc3 h6 8. Be2
O-O 9. O-O Nh7 10. Be3 f5 11. exf5 Bxf5 12. c5 d5 13. d4 e4 14. Ne5 Nxe5 15.
dxe5 c6 16. c4 Be6 17. Qd4 Qe7 18. cxd5 Bxd5 19. Rab1 Rad8 20. Rb4 Rd7 21. Bg4
Rc7 22. Rfb1 Rd8 23. Qb2 Nf8 24. Bf5 Ne6 25. Rxb7 Qf7 26. Rxc7 Nxc7 27. Bg4 Ba2
28. Rd1 Rxd1+ 29. Bxd1 Qd5 30. Bg4 Qb3 31. Qc1 Kf7 32. Bf5 Qd5 33. Qa1 Bb3 34.
h4 g6 35. Bg4 h5 36. Be2 Bc4 37. Bd1 Bb3 38. Bxb3 Qxb3 39. Qd4 Qd5 40. Qb4 Ke6
41. Qb8 Qd7 42. Qg8+ Qf7 43. Qd8 Ne8 44. Qd4 Kf5 45. Bg5 Qd5 46. Qc3 Qd1+ 47.
Kh2 Qd3 48. Qc1 Kxe5 49. Qf4+ Ke6 50. Qb8 Qd7 51. Kg1 Qd1+ 52. Kh2 Qd7 53. Qb3+
Qd5 54. Qa4 Qxc5 55. Be3 Qd6+ 56. g3 Nf6 57. Qxa7 Qd1 58. Qc5 Ng4+ 59. Kg2 Qf3+
60. Kg1 Qd1+ 61. Kg2 1/2-1/2

[Event "Prague International Open"]
[Site "Prague CZE"]
[Date "2021.06.17"]
[Round "5.9"]
[White "Sreyas, Payyappat"]
[Black "Hrabusa, Matej"]
[Result "0-1"]
[WhiteTitle "FM"]
[BlackTitle "IM"]
[WhiteElo "2303"]
[BlackElo "2359"]
[WhiteFideId "46674969"]
[BlackFideId "14908042"]
[EventDate "2021.06.14"]

1. e4 c5 2. Nf3 d6 3. d4 cxd4 4. Nxd4 Nf6 5. Nc3 a6 6. h4 e5 7. Nb3 Be7 8. Bg5
Be6 9. g3 Nbd7 10. Bh3 Qc7 11. Qf3 Rc8 12. Bxf6 Nxf6 13. g4 d5 14. exd5 e4 15.
Nxe4 Nxd5 16. Nd4 Qa5+ 17. c3 O-O 18. g5 Bxh3 19. Qxh3 Ba3 20. bxa3 Nxc3 21. Nd2
Qe5+ 22. Qe3 Qd5 23. O-O Rfe8 24. Qd3 Ne2+ 25. Kh2 Rc3 26. Qxe2 Rxe2 27. Nxe2
Rd3 28. Nb3 Qe4 29. Ng3 Qxh4+ 30. Kg2 Qxg5 31. Rac1 h5 32. Rc8+ Kh7 33. Rc5 Rd5
34. Rxd5 Qxd5+ 35. f3 h4 36. Ne4 f5 37. Ng5+ Kh6 38. Nh3 g5 39. Rf2 Qe5 40. f4
Qe4+ 41. Kg1 Qe1+ 0-1

[Event "Prague International Open"]
[Site "Prague CZE"]
[Date "2021.06.17"]
[Round "5.10"]
[White "Finek, Vaclav"]
[Black "Hollan, Petr"]
[Result "1/2-1/2"]
[WhiteTitle "FM"]
[BlackTitle "FM"]
[WhiteElo "2359"]
[BlackElo "2275"]
[WhiteFideId "23718293"]
[BlackFideId "360945"]
[EventDate "2021.06.14"]

1. b3 e5 2. Bb2 Nc6 3. e3 d6 4. f4 exf4 5. exf4 Qe7+ 6. Qe2 Bg4 7. Qxe7+ Ngxe7
8. Be2 Bxe2 9. Kxe2 O-O-O 10. Nf3 f6 11. Na3 d5 12. Nb5 a6 13. Nbd4 Nxd4+ 14.
Nxd4 c5 15. Ne6 Re8 16. Rae1 Nf5 17. Kf2 Kd7 18. Nxf8+ Rhxf8 19. g4 Nd6 20. Kf3
b6 1/2-1/2

[Event "Prague International Open"]
[Site "Prague CZE"]
[Date "2021.06.18"]
[Round "6.1"]
[White "Blohberger, Felix"]
[Black "Nasuta, Grzegorz"]
[Result "1/2-1/2"]
[WhiteTitle "IM"]
[BlackTitle "GM"]
[WhiteElo "2475"]
[BlackElo "2512"]
[WhiteFideId "1632051"]
[BlackFideId "1141686"]
[EventDate "2021.06.14"]

1. d4 Nf6 2. c4 g6 3. Nc3 d5 4. cxd5 Nxd5 5. Bd2 Bg7 6. e4 Nxc3 7. Bxc3 O-O 8.
Qd2 Nd7 9. Nf3 b6 10. b4 e6 11. Bd3 c5 12. dxc5 Bxc3 1/2-1/2

[Event "Prague International Open"]
[Site "Prague CZE"]
[Date "2021.06.18"]
[Round "6.2"]
[White "Kraus, Tomas"]
[Black "Krzyzanowski, Marcin"]
[Result "0-1"]
[WhiteTitle "IM"]
[BlackTitle "GM"]
[WhiteElo "2466"]
[BlackElo "2503"]
[WhiteFideId "331708"]
[BlackFideId "1132199"]
[EventDate "2021.06.14"]

1. e4 c5 2. Nf3 d6 3. Nc3 Nf6 4. e5 dxe5 5. Nxe5 a6 6. g3 Qd6 7. Nf3 Nc6 8. Bg2
e5 9. O-O Be7 10. d3 h6 11. Re1 Bg4 12. h3 Be6 13. b3 O-O 14. Bb2 Rad8 15. a4
Qc7 16. Nd2 Rfe8 17. Nc4 Bf8 18. Kh2 Bc8 19. a5 Nd4 20. Nb6 Be6 21. Qc1 Qb8 22.
Ra4 Nh7 23. Qd1 f5 24. Ncd5 Bf7 25. c3 Nc6 26. c4 Ng5 27. Bc3 Ne6 28. Ra2 Ned4
29. Kh1 Qd6 30. Bd2 Bg6 31. Na4 Kh7 32. Nac3 Qd7 33. Ne2 Nxe2 34. Qxe2 Qf7 35.
Bc3 Bd6 36. Qd1 Rf8 37. f4 Rfe8 38. Rf2 exf4 39. gxf4 Bh5 40. Qd2 Rxe1+ 41. Qxe1
Re8 42. Qa1 Qg6 43. Kh2 Re2 44. Rxe2 Bxe2 45. Qb1 Qg5 46. Bd2 Nd4 47. b4 cxb4
48. Qg1 Bf3 49. c5 Bb8 50. Qf2 Bxg2 51. Qxg2 b3 52. Qf2 b2 53. Nc3 Ne6 54. Kh1
Qd8 55. Qf3 Nxc5 0-1

[Event "Prague International Open"]
[Site "Prague CZE"]
[Date "2021.06.18"]
[Round "6.3"]
[White "Petr, Martin"]
[Black "Neuman, Petr"]
[Result "1-0"]
[WhiteTitle "GM"]
[BlackTitle "GM"]
[WhiteElo "2489"]
[BlackElo "2394"]
[WhiteFideId "318299"]
[BlackFideId "305243"]
[EventDate "2021.06.14"]

1. Nf3 d5 2. g3 g6 3. Bg2 Bg7 4. d4 Nf6 5. O-O O-O 6. c4 c6 7. b3 dxc4 8. bxc4
c5 9. Bb2 Qb6 10. Qc1 Ne4 11. e3 Nc6 12. Ne5 Nd6 13. Nd2 Be6 14. dxc5 Qxc5 15.
Nb3 Qb4 16. Bc3 Bxe5 17. Bxb4 Nxb4 18. c5 Nb5 19. Nd4 Nxd4 20. exd4 Bxd4 21.
Bxb7 Rab8 22. c6 Bxa1 23. Qxa1 Bc8 24. a3 Bxb7 25. cxb7 Nd5 26. Qe5 Rfd8 27. Rb1
Rd6 28. Rc1 1-0

[Event "Prague International Open"]
[Site "Prague CZE"]
[Date "2021.06.18"]
[Round "6.4"]
[White "Hrabusa, Matej"]
[Black "Rasik, Vitezslav"]
[Result "1/2-1/2"]
[WhiteTitle "IM"]
[BlackTitle "GM"]
[WhiteElo "2359"]
[BlackElo "2451"]
[WhiteFideId "14908042"]
[BlackFideId "300306"]
[EventDate "2021.06.14"]

1. e4 d6 2. d4 g6 3. Nc3 Bg7 4. Be3 c6 5. Qd2 b5 6. Bd3 Nd7 7. Nf3 a6 8. Ne2 Qc7
9. c3 Nb6 10. h3 Nc4 11. Bxc4 bxc4 12. Ng3 Rb8 13. O-O Qb6 14. Rab1 Qa5 15. Ra1
Qb6 16. Rab1 Qa5 17. Ra1 1/2-1/2

[Event "Prague International Open"]
[Site "Prague CZE"]
[Date "2021.06.18"]
[Round "6.5"]
[White "Plat, Vojtech"]
[Black "Kulhanek, Tomas"]
[Result "1-0"]
[WhiteTitle "GM"]
[BlackTitle "IM"]
[WhiteElo "2521"]
[BlackElo "2315"]
[WhiteFideId "325740"]
[BlackFideId "309656"]
[EventDate "2021.06.14"]

1. e4 e6 2. d4 d5 3. Nd2 c5 4. exd5 exd5 5. Bb5+ Bd7 6. Qe2+ Be7 7. dxc5 Nf6 8.
Ngf3 O-O 9. O-O Re8 10. Qd3 Bxc5 11. Nb3 Bxb5 12. Qxb5 Bb6 13. Bg5 Nbd7 14. c3
Qc7 15. Rae1 a6 16. Qd3 Qc6 17. Nbd4 Qc4 18. Qb1 Ne4 19. Be3 h6 20. Nf5 Rac8 21.
Rd1 Rc6 22. Bd4 Rg6 23. N3h4 Rg5 24. f3 1-0

[Event "Prague International Open"]
[Site "Prague CZE"]
[Date "2021.06.18"]
[Round "6.6"]
[White "Greenfeld, Alon"]
[Black "Navrotescu, Andreea"]
[Result "1-0"]
[WhiteTitle "GM"]
[BlackTitle "WIM"]
[WhiteElo "2507"]
[BlackElo "2253"]
[WhiteFideId "2800039"]
[BlackFideId "675946"]
[EventDate "2021.06.14"]

1. d4 Nf6 2. c4 e6 3. Nf3 Bb4+ 4. Bd2 a5 5. Nc3 b6 6. Bg5 h6 7. Bh4 Bb7 8. e3 g5
9. Bg3 Ne4 10. Qc2 d6 11. Bd3 f5 12. d5 Qf6 13. Nd4 e5 14. Nb5 Nxc3 15. bxc3 e4
16. Be2 O-O 17. O-O Bc5 18. Nxc7 f4 19. Qxe4 Na6 20. Bd3 Rf7 21. Ne6 Re8 22.
exf4 gxf4 23. Bh4 Rxe6 24. dxe6 Bxe4 25. Bxf6 Bxd3 26. exf7+ Kxf7 27. Bd4 1-0

[Event "Prague International Open"]
[Site "Prague CZE"]
[Date "2021.06.18"]
[Round "6.7"]
[White "Hollan, Petr"]
[Black "Wachinger, Nikolas"]
[Result "1-0"]
[WhiteTitle "FM"]
[WhiteElo "2275"]
[BlackElo "2369"]
[WhiteFideId "360945"]
[BlackFideId "12962791"]
[EventDate "2021.06.14"]

1. e4 c5 2. Nf3 d6 3. d4 cxd4 4. Nxd4 Nf6 5. Nc3 a6 6. Be3 e6 7. Be2 Qc7 8. a3
b5 9. g4 Bb7 10. f3 Be7 11. Qd2 Nc6 12. O-O-O Na5 13. Kb1 O-O 14. h4 Nd7 15. Bg5
Ne5 16. Bxe7 Qxe7 17. Nd5 exd5 18. Qxa5 dxe4 19. f4 Nc6 20. Nf5 Nxa5 21. Nxe7+
Kh8 22. Rxd6 Rae8 23. Nf5 e3 24. Re1 Re4 25. Rd4 Rxd4 26. Nxd4 g6 27. Bd3 Re8
28. b3 Rd8 29. c3 Nc6 30. Nxc6 Rxd3 31. Ne5 Rxc3 32. Kb2 Rc7 33. Rxe3 f6 34. Nd3
Kg7 35. g5 a5 36. Re6 fxg5 37. fxg5 Bc8 38. Re5 Bf5 39. Nc5 b4 40. Rxf5 gxf5 41.
Ne6+ Kg6 42. Nxc7 bxa3+ 43. Kxa3 f4 44. Nd5 f3 45. Ne3 Kh5 46. Ka4 Kxh4 47. Kxa5
Kxg5 48. b4 Kf4 49. Nf1 Ke4 50. Nd2+ Ke3 51. Nxf3 Kxf3 52. b5 h5 53. b6 h4 54.
b7 h3 55. b8=Q h2 56. Qxh2 1-0

[Event "Prague International Open"]
[Site "Prague CZE"]
[Date "2021.06.18"]
[Round "6.8"]
[White "Holemar, David"]
[Black "Finek, Vaclav"]
[Result "0-1"]
[WhiteTitle "FM"]
[BlackTitle "FM"]
[WhiteElo "2229"]
[BlackElo "2359"]
[WhiteFideId "307009"]
[BlackFideId "23718293"]
[EventDate "2021.06.14"]

1. Nf3 Nf6 2. c4 c6 3. Nc3 d5 4. cxd5 cxd5 5. d4 Nc6 6. Bf4 a6 7. Rc1 Bf5 8. e3
e6 9. Qb3 Bb4 10. Bg5 O-O 11. Be2 Qd7 12. Bxf6 gxf6 13. O-O Bxc3 14. Rxc3 Rfc8
15. Rfc1 Ne7 16. Rc5 Rxc5 17. Rxc5 Rc8 18. Qc3 Rxc5 19. Qxc5 Nc8 20. Nd2 Nd6 21.
f3 Bg6 22. Kf2 Qd8 23. b4 Kg7 24. a4 h5 25. a5 h4 26. Nb3 Qb8 27. Qb6 Nc4 28.
Bxc4 dxc4 29. Nc5 Qxh2 30. Qxb7 Qg3+ 31. Kf1 Bd3+ 32. Kg1 Qe1+ 33. Kh2 Qg3+ 34.
Kg1 Qe1+ 35. Kh2 Qxe3 36. Qe7 Bg6 37. d5 Qe5+ 38. f4 Qxf4+ 39. Kh1 Qf1+ 40. Kh2
Qf4+ 41. Kh1 Kh6 42. dxe6 h3 43. gxh3 Qf1+ 44. Kh2 Qf2+ 45. Kh1 Bh5 0-1

[Event "Prague International Open"]
[Site "Prague CZE"]
[Date "2021.06.18"]
[Round "6.9"]
[White "Sorm, Daniel"]
[Black "Dahl, Christoph"]
[Result "1/2-1/2"]
[WhiteTitle "FM"]
[WhiteElo "2345"]
[BlackElo "2212"]
[WhiteFideId "5400139"]
[BlackFideId "16240235"]
[EventDate "2021.06.14"]

1. d4 Nf6 2. Bf4 d5 3. e3 c5 4. Nc3 cxd4 5. exd4 a6 6. Nf3 Nc6 7. Be2 Bg4 8. Ne5
Bxe2 9. Nxe2 Rc8 10. O-O e6 11. c3 Bd6 12. Nc1 O-O 13. Ncd3 Qc7 14. Re1 Rfe8 15.
Re3 Ne4 16. f3 Nf6 17. g4 Nd7 18. Bg3 Ncxe5 19. Nxe5 Nxe5 20. Bxe5 Bxe5 21. Rxe5
f6 22. Re2 Qf4 23. Qd3 Rc6 24. a4 Rd6 25. Qe3 Qxe3+ 26. Rxe3 Rb6 27. Re2 Kf7 28.
a5 Rb5 29. f4 b6 30. axb6 Rxb6 31. Ra5 Reb8 32. f5 exf5 33. gxf5 Rxb2 34. Rxb2
Rxb2 35. Rxd5 Rc2 36. Rd7+ Kf8 37. Rc7 h5 38. d5 a5 39. d6 Rd2 40. Rc8+ Kf7 41.
Rc7+ Kf8 42. Rc8+ Kf7 43. Rc7+ Ke8 44. Rxg7 Rxd6 45. Ra7 Rd5 46. Kf2 Rc5 47. c4
Rxf5+ 48. Ke3 Kd8 49. Ke4 Re5+ 50. Kd4 Rf5 51. Ke4 Rg5 52. h4 Rg4+ 53. Kf5 Rxc4
54. Rxa5 Rxh4 55. Kxf6 Rh1 56. Kg5 h4 1/2-1/2

[Event "Prague International Open"]
[Site "Prague CZE"]
[Date "2021.06.18"]
[Round "6.10"]
[White "Simek, Petr2"]
[Black "Colbow, Collin"]
[Result "1/2-1/2"]
[WhiteTitle "FM"]
[BlackTitle "FM"]
[WhiteElo "2251"]
[BlackElo "2339"]
[WhiteFideId "319260"]
[BlackFideId "16201132"]
[EventDate "2021.06.14"]

1. d4 Nf6 2. Nf3 e6 3. g3 c5 4. Bg2 cxd4 5. O-O Be7 6. Nxd4 d5 7. c4 O-O 8. cxd5
Nxd5 9. Qb3 Nc6 10. Nxc6 bxc6 11. e4 Nf6 12. Bf4 Qa5 13. Nd2 Ba6 14. Nc4 Qb5 15.
Rfc1 Rfd8 16. Qxb5 cxb5 17. Na5 Rdc8 18. Nc6 Bf8 19. f3 b4 20. Bf1 Bxf1 21. Kxf1
Nd7 22. Be3 a5 23. Na7 Rd8 24. Ke2 Bd6 25. Rc2 f6 26. Rd1 Ne5 27. Bb6 Rd7 28. f4
Nf7 29. Rc8+ Rxc8 30. Nxc8 Rb7 31. Bxa5 Bc5 32. Rc1 Rb5 33. Bb6 Bxb6 34. Nxb6
Nd6 35. Rc6 Nxe4 36. Rxe6 f5 37. Rc6 Ra5 38. Rc4 Rxa2 39. Rxb4 Ra1 40. g4 Rh1
41. gxf5 Rxh2+ 42. Kf3 Nd6 43. Nd7 Nxf5 44. Rb8+ Kf7 45. Rf8+ Ke7 46. Rxf5 Kxd7
47. Rf7+ Ke6 48. Rxg7 Rxb2 49. Rxh7 Kf5 50. Rh5+ Kf6 51. Ra5 Rb1 52. Ra6+ 1/2-1/2

[Event "Prague International Open"]
[Site "Prague CZE"]
[Date "2021.06.18"]
[Round "7.2"]
[White "Petr, Martin"]
[Black "Blohberger, Felix"]
[Result "1/2-1/2"]
[WhiteTitle "GM"]
[BlackTitle "IM"]
[WhiteElo "2489"]
[BlackElo "2475"]
[WhiteFideId "318299"]
[BlackFideId "1632051"]
[EventDate "2021.06.14"]

1. Nf3 d5 2. g3 Nd7 3. c4 dxc4 4. Qa4 b6 5. Bg2 Bb7 6. Qxc4 e6 7. O-O Ngf6 8. d4
c5 9. Nc3 cxd4 10. Nxd4 Bxg2 11. Kxg2 Qc8 12. Qxc8+ Rxc8 13. Rd1 a6 14. Bd2 Be7
15. Rac1 O-O 16. f4 b5 17. Kf3 Nb6 18. Be1 Rfd8 19. e3 Nc4 20. b3 Nb2 21. Rd2
Ba3 22. Rcc2 Bb4 23. Nce2 Rxc2 24. Rxc2 Nd3 25. Bxb4 Nxb4 26. Rc7 Nxa2 27. Nc6
Ra8 28. Rb7 Nd5 29. e4 Ndb4 30. Ned4 Nxc6 31. Nxc6 h6 32. b4 Nc1 33. Rb8+ Rxb8
34. Nxb8 Kf8 35. Nxa6 Ke7 36. Ke3 Kd6 37. Kd2 Nb3+ 38. Kc3 Nc1 39. Nc5 f5 40.
Kd4 Ne2+ 41. Kd3 Nc1+ 42. Kd4 Ne2+ 43. Kd3 Nc1+ 1/2-1/2

[Event "Prague International Open"]
[Site "Prague CZE"]
[Date "2021.06.18"]
[Round "7.3"]
[White "Finek, Vaclav"]
[Black "Plat, Vojtech"]
[Result "0-1"]
[WhiteTitle "FM"]
[BlackTitle "GM"]
[WhiteElo "2359"]
[BlackElo "2521"]
[WhiteFideId "23718293"]
[BlackFideId "325740"]
[EventDate "2021.06.14"]

1. d4 d5 2. c4 e5 3. dxe5 d4 4. Nf3 Nc6 5. g3 Nge7 6. Bg2 Ng6 7. O-O Ngxe5 8.
Nbd2 Be7 9. b3 Ng6 10. Bb2 Bf5 11. a3 a5 12. Ne1 O-O 13. Ndf3 Bf6 14. Nd3 Re8
15. Qd2 Qd6 16. Rfe1 Be4 17. Rad1 Rad8 18. Qc1 b6 19. Bf1 Nce7 20. Nd2 Bb7 21.
b4 axb4 22. axb4 h5 23. Nf3 h4 24. Bg2 hxg3 25. hxg3 Be4 26. b5 Nf5 27. Ba3 c5
28. bxc6 Qc7 29. Nf4 Nxf4 30. Qxf4 Qxc6 31. Bb2 Qc5 32. Bh3 Bxf3 33. Qxf3 Nd6
34. Ba3 Qxc4 35. Bxd6 Rxd6 36. Bf5 Qd5 37. Qxd5 Rxd5 38. Bd3 b5 39. Rb1 Rb8 40.
Rb3 b4 41. Kg2 Bg5 42. Reb1 Bd2 43. R1b2 Bc3 44. Ra2 Rd7 45. Kf3 g6 46. Ra6 Kg7
47. Kg2 Re7 48. Kf3 Rbb7 49. Ra8 Re6 50. Ra6 Rxa6 51. Bxa6 Ra7 52. Bd3 Kf6 53.
Kf4 Ke6 54. g4 Kd5 55. Kg5 Ke6 56. Kf4 Ra5 57. Bc4+ Ke7 58. Ke4 Ra1 59. f3 f6
60. Kd5 Ra5+ 61. Kc6 f5 62. gxf5 gxf5 63. Kb6 Re5 64. Rb1 Kf6 65. Rc1 Kg5 66.
Rc2 Re8 67. Kc7 Kf4 68. Kd7 Rb8 69. Bb3 Ra8 70. Rc1 Ra3 71. Rb1 Rxb3 72. Rxb3
Ke3 73. Ke6 Kxe2 74. Kxf5 d3 0-1

[Event "Prague International Open"]
[Site "Prague CZE"]
[Date "2021.06.18"]
[Round "7.4"]
[White "Hollan, Petr"]
[Black "Greenfeld, Alon"]
[Result "0-1"]
[WhiteTitle "FM"]
[BlackTitle "GM"]
[WhiteElo "2275"]
[BlackElo "2507"]
[WhiteFideId "360945"]
[BlackFideId "2800039"]
[EventDate "2021.06.14"]

1. e4 c5 2. Nf3 d6 3. d4 cxd4 4. Nxd4 Nf6 5. Nc3 Nc6 6. Bg5 e6 7. Qd2 Be7 8.
O-O-O a6 9. f4 Bd7 10. Nf3 b5 11. e5 b4 12. exf6 bxc3 13. Qxc3 gxf6 14. Bh4 d5
15. a3 Rc8 16. Rd2 Rg8 17. Kb1 Ne5 18. Qe3 Nxf3 19. gxf3 Qa5 20. Be1 Bc5 21.
Rxd5 Qb6 22. Qe4 Bxa3 23. b3 Bc6 24. Qxh7 Bxd5 25. Qxg8+ Bf8 26. Qg2 Bxb3 27.
cxb3 Qxb3+ 28. Qb2 Qd1+ 29. Ka2 Rc2 30. Bc3 Rxb2+ 31. Bxb2 Qd5+ 32. Kb1 Qxf3 33.
Rg1 Qe3 0-1

[Event "Prague International Open"]
[Site "Prague CZE"]
[Date "2021.06.18"]
[Round "7.5"]
[White "Pavlidis, Anastasios"]
[Black "Hrabusa, Matej"]
[Result "1/2-1/2"]
[WhiteTitle "IM"]
[BlackTitle "IM"]
[WhiteElo "2333"]
[BlackElo "2359"]
[WhiteFideId "4208404"]
[BlackFideId "14908042"]
[EventDate "2021.06.14"]

1. d4 Nf6 2. c4 e6 3. Nf3 d5 4. Nc3 dxc4 5. e3 a6 6. Bxc4 b5 7. Bd3 c5 8. dxc5
Bxc5 9. a3 Nbd7 10. O-O Bb7 11. e4 Qb8 12. Qe2 O-O 13. Bg5 h6 14. Bh4 Nh5 15.
Bc2 Ne5 16. Rad1 Nf4 17. Qd2 Nxf3+ 18. gxf3 e5 19. Bg3 Ng6 20. Bb3 Qc8 21. Ne2
Qh3 22. Qd7 Qxd7 23. Rxd7 Bc8 24. Rc7 Be7 25. Bd5 Bh3 26. Rfc1 Rac8 27. f4 Rxc7
28. Rxc7 Bd8 29. Rc6 exf4 30. Nxf4 Nxf4 31. Bxf4 a5 32. Be5 Re8 33. Bc3 Kf8 34.
Ra6 Bd7 35. Bxa5 Bxa5 36. Rxa5 Rc8 37. Ra8 Rxa8 38. Bxa8 Ke7 39. Bd5 g5 40. Kf1
f6 41. Ke2 Kd6 42. Ke3 Kc5 43. Bf7 Bc6 44. Bg8 Bd7 45. f4 Kd6 46. fxg5 hxg5 47.
Kd4 Bc6 48. Bb3 Bd7 49. Bc2 Be8 50. b3 Bf7 51. a4 b4 52. a5 Kc6 53. e5 f5 54.
Bxf5 Bxb3 55. Bd3 Be6 56. Bc4 Bc8 57. a6 b3 58. Kc3 Bxa6 59. Kxb3 Kc5 60. Bxa6
Kd5 61. Bc8 Kxe5 1/2-1/2

[Event "Prague International Open"]
[Site "Prague CZE"]
[Date "2021.06.18"]
[Round "7.6"]
[White "Simek, Petr2"]
[Black "Kraus, Tomas"]
[Result "1/2-1/2"]
[WhiteTitle "FM"]
[BlackTitle "IM"]
[WhiteElo "2251"]
[BlackElo "2466"]
[WhiteFideId "319260"]
[BlackFideId "331708"]
[EventDate "2021.06.14"]

1. d4 d5 2. Nf3 c6 3. g3 Bf5 4. Bg2 e6 5. c4 Nf6 6. Nc3 h6 7. Qb3 Qb6 8. c5 Qxb3
9. axb3 Be7 10. b4 O-O 11. h3 Ne4 12. O-O Nd7 13. Be3 Bf6 14. g4 Bg6 15. Bf4 a6
16. e3 Rfe8 17. Nxe4 Bxe4 18. Ne5 Bxg2 19. Kxg2 Rad8 20. Rad1 Nxe5 21. Bxe5 Be7
22. Bg3 Rd7 23. Rd3 Bd8 24. f3 Bc7 1/2-1/2

[Event "Prague International Open"]
[Site "Prague CZE"]
[Date "2021.06.18"]
[Round "7.7"]
[White "Rasik, Vitezslav"]
[Black "Pein, Jonathan"]
[Result "1/2-1/2"]
[WhiteTitle "GM"]
[BlackTitle "CM"]
[WhiteElo "2451"]
[BlackElo "2239"]
[WhiteFideId "300306"]
[BlackFideId "417092"]
[EventDate "2021.06.14"]

1. e4 d5 2. exd5 Qxd5 3. Nc3 Qa5 4. d4 c6 5. Nf3 Bf5 6. Bc4 e6 7. Bd2 Qc7 8. Qe2
Nf6 9. O-O-O b5 10. Bd3 Bxd3 11. Qxd3 Bd6 12. Bg5 Nbd7 13. Kb1 h6 14. Bxf6 Nxf6
15. h3 a6 16. g4 O-O-O 17. Ne4 Nxe4 18. Qxe4 Kb8 19. c4 Rd7 20. Rc1 Qb7 21. Ne5
Rc7 22. cxb5 cxb5 23. Nc6+ Ka8 24. Rc2 Rhc8 1/2-1/2

[Event "Prague International Open"]
[Site "Prague CZE"]
[Date "2021.06.18"]
[Round "7.8"]
[White "Neuman, Petr"]
[Black "Nemec, Pavel"]
[Result "1/2-1/2"]
[WhiteTitle "GM"]
[BlackTitle "FM"]
[WhiteElo "2394"]
[BlackElo "2235"]
[WhiteFideId "305243"]
[BlackFideId "301965"]
[EventDate "2021.06.14"]

1. e4 c5 2. Nc3 Nc6 3. Bb5 Nd4 4. Bc4 d6 5. Nge2 g6 6. Nxd4 cxd4 7. Ne2 Bg7 8.
O-O e6 9. d3 Ne7 10. Bb3 Bd7 11. Bg5 h6 12. Bh4 g5 13. Bg3 e5 14. f3 O-O 15. Bf2
a5 16. a4 Kh8 17. c3 dxc3 18. Nxc3 f5 19. d4 g4 20. dxe5 dxe5 21. fxg4 fxg4 22.
Be3 Rxf1+ 23. Qxf1 Nc6 24. Bd5 Nd4 25. Qf2 Qb6 26. Rf1 Rf8 27. Qd2 Rxf1+ 28.
Kxf1 Kh7 29. Kg1 Qb4 30. Qf2 Bxa4 31. Qf7 Bb3 32. Qg8+ Kg6 33. Qf7+ Kh7 34. Qg8+
Kg6 35. Qf7+ 1/2-1/2

[Event "Prague International Open"]
[Site "Prague CZE"]
[Date "2021.06.18"]
[Round "7.9"]
[White "Docekal, Jan"]
[Black "Sorm, Daniel"]
[Result "0-1"]
[BlackTitle "FM"]
[WhiteElo "2238"]
[BlackElo "2345"]
[WhiteFideId "320625"]
[BlackFideId "5400139"]
[EventDate "2021.06.14"]

1. e4 c6 2. d4 d5 3. exd5 cxd5 4. c4 Nf6 5. Nc3 g6 6. Qb3 Bg7 7. cxd5 O-O 8. Be2
Nbd7 9. Bf3 Nb6 10. Nge2 a5 11. a4 Bf5 12. Qb5 Ne8 13. Bf4 Nd6 14. Bxd6 Qxd6 15.
O-O Qb4 16. b3 Bc2 17. Rfc1 Bxb3 18. Rab1 Qxb5 19. Nxb5 Bc4 20. d6 exd6 21. Nxd6
Bxe2 22. Bxe2 Bxd4 23. Nxb7 Nxa4 24. Rb3 Rfc8 25. Bc4 Rc7 26. Nd6 Nb2 27. Bxf7+
Rxf7 28. Nxf7 Kxf7 29. Rc7+ Ke6 30. Kf1 a4 31. Ra3 Kd5 32. Ke2 Re8+ 33. Kf3 Rf8+
34. Kg4 Rxf2 35. Kh3 h5 36. Rg3 Be5 37. Rg5 Rf5 38. Rd7+ Ke6 39. Rxf5 Kxf5 40.
Ra7 g5 41. g3 Bd6 42. Ra5+ Kf6 43. g4 h4 44. Rf5+ Kg6 45. Ra5 Bb4 46. Ra6+ Kf7
47. Kg2 a3 48. Kf3 Nd3 49. Ra4 Bd6 50. Ke3 Ne5 51. Ke4 Ke6 52. h3 Ng6 53. Ra5
Be7 54. Rb5 Nf4 55. Rb3 Nxh3 0-1

[Event "Prague International Open"]
[Site "Prague CZE"]
[Date "2021.06.18"]
[Round "7.10"]
[White "Colbow, Collin"]
[Black "Jedlicka, Ales"]
[Result "1/2-1/2"]
[WhiteTitle "FM"]
[BlackTitle "FM"]
[WhiteElo "2339"]
[BlackElo "2195"]
[WhiteFideId "16201132"]
[BlackFideId "304824"]
[EventDate "2021.06.14"]

1. e4 c5 2. Nf3 d6 3. d4 cxd4 4. Nxd4 Nf6 5. Nc3 a6 6. Be2 e5 7. Nb3 Be7 8. Be3
Be6 9. Qd3 Nbd7 10. O-O O-O 11. Nd5 Bxd5 12. exd5 Rc8 13. c4 Ne8 14. a4 a5 15.
Bg4 Nef6 16. Bh3 b6 17. f4 Rc7 18. Rac1 exf4 19. Bxf4 Nc5 20. Nxc5 bxc5 21. Bd2
Rb7 22. Bc3 Nd7 23. Bxd7 Rxd7 24. Qh3 Bg5 25. Rce1 Re7 26. Rxe7 Qxe7 27. Re1 Qd8
28. Qf5 Bf6 29. Bxf6 Qxf6 30. Qxf6 gxf6 31. Re7 Rb8 32. Rd7 Rb6 33. Ra7 Kf8 34.
Rxa5 Rxb2 35. Ra6 Rb4 36. a5 Ke7 37. Ra7+ Ke8 38. Ra6 Ke7 39. Ra7+ Ke8 40. a6
Ra4 41. Kf2 Kf8 42. Kf3 Kg7 43. Ra8 f5 44. a7 Kf6 45. g3 Ra2 46. Kf4 Rf2+ 47.
Ke3 Ra2 48. h3 Ra1 49. g4 fxg4 50. hxg4 Re1+ 51. Kf4 Rf1+ 52. Ke4 Re1+ 1/2-1/2